| 000 | 00000nas##2200000za#4500 |
| 001 | 9.504312 |
| 003 | CaOODSP |
| 005 | 20250403104734 |
| 007 | cr ||||||||||| |
| 008 | 150406c2014||||xxc|| m o||||f| |0fre|d |
| 022 | |a2368-6731 |
| 040 | |aCaOODSP|bfre |
| 043 | |an-cn--- |
| 086 | 1 |aCS11-631F-PDF |
| 245 | 04|aUne série de présentations de Statistique Canada sur l'économie, l'environnement et la société |h[ressource électronique] |
| 260 | |aOttawa - Ontario : |bStatistique Canada |
| 310 | |aIrrégulier |
| 500 | |a«Cette série offre un accès en ligne aux présentations qui ont été données lors des activités de rayonnement avec les utilisateurs de données.»--Site web de Statistique Canada (visualisé le 21 novembre 2014). |
| 691 | 07|aAnalyse économique|2gcpds |
| 691 | 07|aAnalyse macro-économique|2gcpds |
| 710 | 2 |aStatistique Canada. |
| 775 | 08|tA presentation series from Statistics Canada about the economy, environment and society |w(CaOODSP)9.507934 |